| 000 | 00566nam a2200193Ia 4500 | ||
|---|---|---|---|
| 005 | 20250326144956.0 | ||
| 008 | 250326s9999 xx 000 0 und d | ||
| 020 | _a978-0-7494-5452-4 | ||
| 037 | _aTextbook | ||
| 040 |
_aFMSL _beng _cFMSL |
||
| 041 |
_aeng _2eng |
||
| 084 |
_aX:87 QO _qFMSL |
||
| 100 |
_aLinder-pelz S _9750414 |
||
| 245 | 0 |
_aNLP Coaching :evidence- based approach for coaches, leaders and individuals _cLinder-pelz S |
|
| 260 |
_aUS _bUS, Kogan page _c2010 |
||
| 300 | _a237p | ||
| 942 |
_cTB _hX:87 QO |
||
| 999 |
_c1305880 _d1305880 |
||